| 000 | 00358nam a2200157Ia 4500 | ||
|---|---|---|---|
| 008 | 210210b1948 xxu||||| |||| 00| 0 eng d | ||
| 041 | _aeng | ||
| 082 | _a825/300 | ||
| 100 | _aELIOT (T S) | ||
| 245 | _aSacred wood | ||
| 260 |
_aLondon _bMethuen & Co Ltd. _c1948 |
||
| 650 | _awood | ||
| 650 | _aSacred | ||
| 690 | _aEnglish Criticism | ||
| 906 | _a014617 | ||
| 999 |
_c133813 _d133813 |
||